书目信息 |
| 题名: |
迷人的货币
|
|
| 作者: | 吴晓灵 著 | |
| 分册: | ||
| 出版信息: | 北京 中国青年出版社 1988.12 |
|
| 页数: | 87页 | |
| 开本: | 19厘米 | |
| 丛书名: | 改革与发展丛书 | |
| 单 册: | ||
| 中图分类: | F82 | |
| 科图分类: | ||
| 主题词: | 货币改革--中国 , 货币 | |
| 电子资源: | ||
| ISBN: | 7-5006-0410-6 | |
| 000 | 00856nam2 2200277 45 | |
| 001 | 0189021426 | |
| 005 | 20040430083941.6 | |
| 010 | @a7-5006-0410-6@dCNY0.96 | |
| 020 | @aCN@b89021426 | |
| 100 | @a19910905d1988 m y0chiy0120 ea | |
| 101 | 0 | @achi |
| 102 | @aCN@b110000 | |
| 105 | @ay z 000yy | |
| 106 | @ar | |
| 200 | 10 | @a迷人的货币@Ami ren de huo bi@e货币发行,经济增长与物价@Ehuo bi fa xing , jing ji zeng chang yu wu jia@f吴晓灵著@Fwu xiao ling zhu |
| 210 | @a北京@c中国青年出版社@d1988.12 | |
| 215 | @a87页@d19厘米 | |
| 225 | 2 | @a改革与发展丛书 |
| 410 | 0 | @120010@a改革与发展丛书 |
| 540 | 1 | @a货币 发行 经济 增长 物价@Ahuo bi fa xing jing ji zeng chang wu jia |
| 606 | @a货币改革@y中国 | |
| 606 | 0 | @a货币 |
| 690 | @aF82 | |
| 701 | 0 | @a吴晓灵@Awu xiao ling@4著 |
| 801 | 0 | @aCN@bNLC@c19910905 |
| 905 | @f1@b260453@dF82@e15 | |
| 迷人的货币:货币发行,经济增长与物价/吴晓灵著.-北京:中国青年出版社,1988.12 |
| 87页;19厘米.-(改革与发展丛书) |
| ISBN 7-5006-0410-6:CNY0.96 |
| ● |
| 相关链接 |
|
|
|
|
正题名:迷人的货币
索取号:F82/15
 
预约/预借
| 序号 | 登录号 | 条形码 | 馆藏地/架位号 | 状态 | 备注 |
| 1 | 0260452 | 000491729 | 第一样本阅览室/ [索取号:F82/15] | 在馆 | |
| 2 | 0260453 | 000494646 | 第一借阅区/ [索取号:F82/15] | 在馆 |